| 000 | 00964nam a22003137a 4500 | ||
|---|---|---|---|
| 003 | BPGM | ||
| 005 | 20260704194139.0 | ||
| 008 | 260704m20152016mx a|||br|||| 00| 0 spa d | ||
| 020 | _a978-1-78445-767-9 | ||
| 040 | _bspa | ||
| 041 |
_aspa _heng |
||
| 082 | 0 | 4 |
_21a. _aI / 372.21 / _bH566 |
| 100 | _9HINTON, STEPH | ||
| 245 | _aAPRENDAMOS A ENTRELAZAR NÚMEROS | ||
| 250 |
_a1a. _b2016 |
||
| 260 |
_aMéxico _bDreams Art _c2016 |
||
| 300 |
_a16 Paginas _c28 cm. x 21.9 cm. |
||
| 336 |
_2rdacontent _atexto _btxt |
||
| 337 |
_2rdamedia _asin mediación _bn |
||
| 338 |
_2rdacarrier _avolumen _bnc |
||
| 490 | 0 |
_aaprendamos a entrelazar _v1v |
|
| 505 | _ahabilidad motriz fina en niños--libros de texto. | ||
| 505 | _aapreciación de los números--obras infantiles. | ||
| 505 | _aconcepto de números--libros de juguetes. | ||
| 650 | _2CIENCIAS SOCIALES | ||
| 650 | _2EDUCACIÓN | ||
| 650 | _2EDUCACIÓN PRIMARIA | ||
| 942 |
_2ddc _cBKN |
||
| 999 |
_c68760 _d68760 |
||